|
|
|
|
| LEADER |
00000cam a2200000 7i4500 |
| 001 |
0000095062 |
| 005 |
20250511094338.0 |
| 008 |
|
| 020 |
|
|
|a 9780241601617 (
|q (hardcover))
|
| 040 |
|
|
|e rda
|
| 041 |
|
|
|a English
|
| 090 |
0 |
0 |
|a 796.03
|b ILL
|
| 245 |
0 |
0 |
|a Illustrated sports encyclopedia
|
| 246 |
0 |
|
|a Illustrated sports encyclopedia
|b the ultimate guide to sports from around the world
|
| 250 |
|
|
|a Third edition
|
| 264 |
|
1 |
|a London :
|b Dorling Kindersley Limited
|c 2023
|
| 300 |
|
|
|a 160 pages :
|b colour illustration ;
|c 29 cm.
|
| 336 |
|
|
|a text
|2 rdacontent
|
| 337 |
|
|
|a unmediated
|2 rdamedia
|
| 338 |
|
|
|a volume
|2 rdacarrier
|
| 500 |
|
|
|a Includes index and glossary
|
| 541 |
|
|
|a Purchased on 2024
|f 24-0278 PKI
|h RM89.95
|
| 650 |
1 |
0 |
|a Sports
|
| 650 |
2 |
0 |
|a Encyclopedia
|
| 999 |
|
|
|a 0001816117
|b Book
|c Adult Collection
|e Perbadanan Perpustakaan Awam Johor
|